000 00895cam a22002891 4500
001 7375
003 BD-RjUL
005 20211208234415.0
008 130114s1949 enka b 000 0 eng
035 _a(BD-RjUL)7418
035 _a(OCoLC)1066917
040 _aDLC
_cOAU
_dICIU
_dDLC
_dBD-RjUL
_beng
041 _aeng
082 0 0 _a355.22
_218
_bVEP 1949
100 1 _aVernon, Philip Ewart.
_923041
245 1 0 _aPersonnel selection in the British forces /
_cPhilip E. Vernon and John B. Parry.
260 _aLondon :
_bUniversity of London Press,
_cc1949.
300 _a324 p. :
_billus. ;
_c23 cm.
504 _aBibliography: p. 302-312.
610 1 0 _aGreat Britain.
_bRoyal Navy
_923047
610 1 0 _aGreat Britain.
_bArmy
_923048
650 0 _aAbility
_xTesting.
_972
700 1 _aParry, John B.,
_ejoint author.
_923044
942 _2ddc
_cBK
999 _c7375
_d7375